00350nam a2200145Ia 4500008004100000020001800041082001300059100002400072245001600096250000600112260003100118300001500149500002400164650001600188230524s9999 xx 000 0 und d a9789380422411 a621bMOH aJivan Jyoti Mohanty 0aVLSI Design a1 aBBSRbBK Publicationc2011 a"XV,472p;" aQuantity Number: 1 aElectronics